00382nam a2200121Ia 4500001000800000005001700008008004100025020001800066245004700084260002000131999002100151952008800172126652220260417145112.0260417s9999 xx 000 0 und d a9789752128187 0aBıdık - Yeni Kardeş GeliyorcLu Fraser bAltın Kitaplar c1266522d1266522 00104070a1110b1110d2026-04-17l0p1110154r2026-04-17 14:51:12w2026-04-17yBK